Idiotismes en français - 3 - - Statistiques

Statistiques générales
  • Ce quiz a été pris 452 fois
    212 depuis la dernière actualisation
  • Le résultat moyen est 10 sur 15
Statistiques - réponses
Hint Réponse % Correct
Tourner quelqu'un en ***** Bourrique
96%
En voir de toutes les ***** Couleurs
91%
Etre bête à manger du ***** Foin
89%
Mettre du ***** dans la vie Piment
87%
Une liste ***** Noire
85%
Jeter le mauvais ***** Oeil
84%
Faire le ***** Singe
84%
Une ***** travaille infiltrée Taupe
79%
Laver le ***** Cerveau
75%
Etre ***** d'oeuf Crâne
72%
Avoir le feu ***** Vert
62%
Saoul comme une ***** Grive
38%
Quelle ***** ! Salade
30%
Un avocat ***** Marron
29%
Un **** sombre Oeil
22%
Aucun quiz correspondant
Distribution des résultats
% des personnes avec chaque résultat
Percentile par nombre de réponses
Votre historique - résultats
Vous n’avez pas pris ce quiz depuis la dernière actualisation